[Event "7th Batavia Blitz 2015"]
[Site "Amsterdam NED"]
[Date "2015.02.19"]
[Round "9.3"]
[White "Lai, Hing Ting"]
[Black "Kevlishvili, Robby"]
[Result "1-0"]
[BlackTitle "FM"]
[WhiteElo "2308"]
[BlackElo "2347"]
[WhiteFideId "1038257"]
[BlackFideId "1040634"]
[EventDate "2015.02.19"]

1. c4 e5 2. g3 Nf6 3. Bg2 d5 4. cxd5 Nxd5 5. Nc3 Nb6 6. Nf3 Nc6 7. O-O Be7 8. d3
Be6 9. a3 O-O 10. b4 f6 11. Bb2 Qd7 12. Rc1 a5 13. b5 Nd4 14. Nxd4 exd4 15. Ne4
Rac8 16. Nc5 Bxc5 17. Rxc5 Qd6 18. Rc1 Rb8 19. Qd2 Na4 20. Ba1 Nc5 21. Qxa5 Nb3
22. Qxc7 Qxa3 23. Rcd1 Rfc8 24. Qb6 Bf7 25. Bxd4 Qb4 26. Be3 Rc2 27. Bf3 Re8 28.
Qxb7 Nd4 29. Bxd4 Qxd4 30. Ra1 g5 31. Ra7 Rf8 32. Bh5 Qd5 33. Bxf7+ Qxf7 34.
Qxf7+ Rxf7 35. Rxf7 Kxf7 36. Rb1 Rxe2 37. b6 Re8 38. b7 Rb8 39. Kg2 Ke6 40. Rb6+
Ke5 41. Kf3 f5 42. Ke3 h5 43. d4+ Kd5 44. Kd3 f4 45. gxf4 gxf4 46. f3 h4 47. h3 1-0

[Event "7th Batavia Blitz 2015"]
[Site "Amsterdam NED"]
[Date "2015.02.19"]
[Round "9.4"]
[White "Gormally, Daniel W"]
[Black "Schmaltz, Roland"]
[Result "1-0"]
[WhiteTitle "GM"]
[BlackTitle "GM"]
[WhiteElo "2489"]
[BlackElo "2527"]
[WhiteFideId "406465"]
[BlackFideId "4614054"]
[EventDate "2015.02.19"]

1. Nf3 Nf6 2. c4 g6 3. g3 Bg7 4. Bg2 O-O 5. O-O d6 6. d3 e5 7. Nc3 h6 8. Rb1 a5
9. a3 Re8 10. e4 Bg4 11. h3 Bxf3 12. Qxf3 Nc6 13. Qd1 Nd7 14. b4 axb4 15. axb4
Nd4 16. Ne2 Nxe2+ 17. Qxe2 Nf8 18. Be3 Ne6 19. Kh2 h5 20. h4 Ra3 21. Ra1 Nf4 22.
Qc2 Rxa1 23. Rxa1 Ne6 24. Ra7 b6 25. Qa4 Kh7 26. Qc6 Re7 27. Ra8 Qd7 28. Qxd7
Rxd7 29. Bh3 Re7 30. Rc8 Bh6 31. Bxh6 Kxh6 32. Bxe6 fxe6 33. f4 exf4 34. gxf4 e5
35. Kg3 exf4+ 36. Kxf4 Rf7+ 37. Ke3 Kg7 38. d4 g5 39. hxg5 h4 40. g6 Kxg6 41.
Rh8 Rh7 42. Rxh7 Kxh7 43. Kf4 Kg6 44. Kg4 c5 45. bxc5 bxc5 46. dxc5 dxc5 47.
Kxh4 Kf6 48. Kg4 Ke5 49. Kf3 Kd4 50. Kf4 Kxc4 51. e5 Kb3 52. e6 c4 53. e7 c3 54.
e8=Q c2 1-0

[Event "7th Batavia Blitz 2015"]
[Site "Amsterdam NED"]
[Date "2015.02.19"]
[Round "9.5"]
[White "Zwirs, Nico"]
[Black "Soors, Stef"]
[Result "1/2-1/2"]
[BlackTitle "IM"]
[WhiteElo "2358"]
[BlackElo "2407"]
[WhiteFideId "1036432"]
[BlackFideId "209511"]
[EventDate "2015.02.19"]

1. b3 Nf6 2. Bb2 g6 3. g4 h6 4. h3 Bg7 5. Bg2 d5 6. e3 Nc6 7. c4 O-O 8. Ne2 e5
9. cxd5 Nxd5 10. d4 exd4 11. Nxd4 Ndb4 12. O-O Nxd4 13. Bxd4 Bxd4 14. exd4 c6
15. Nc3 Be6 16. Qd2 Kg7 17. f4 Bd5 18. Ne4 Bxe4 19. Qxb4 Bxg2 20. Kxg2 Qd5+ 21.
Kg3 Rfe8 22. Rae1 b6 23. Qc3 Rad8 24. Re5 Rxe5 25. dxe5 Qd3+ 26. Qxd3 Rxd3+ 27.
Rf3 Rd2 28. Rf2 Rd3+ 29. Rf3 Rd2 30. a4 c5 31. f5 gxf5 32. gxf5 Re2 33. Kf4 Kf8
34. Rd3 Ke7 35. Rd6 Rf2+ 36. Ke4 Rb2 37. Rxh6 Rxb3 38. Rh7 Rb4+ 39. Ke3 Ke8 40.
h4 Rxa4 41. h5 Rh4 42. h6 c4 43. Rh8+ Ke7 44. h7 c3 45. Kd3 Rh3+ 46. Kc2 b5 47.
Ra8 Rxh7 48. Rxa7+ Ke8 49. Kxc3 Rh4 50. Rb7 Rc4+ 51. Kd3 Rf4 52. f6 Rb4 53. Kc3
Rc4+ 54. Kb3 Rc5 55. Re7+ Kf8 56. Kb4 Rd5 57. Rb7 Rxe5 58. Rb8+ Re8 59. Rxb5 Kg8
60. Rg5+ Kf8 61. Kc4 Re6 62. Rf5 Kg8 63. Rg5+ Kf8 64. Rf5 Kg8 65. Rg5+ Kh8 66.
Rh5+ 1/2-1/2